Actas : 1er. Seminario en catálisis del mercosur. La Plata, Argentina 16-18 de noviembre de 1998 /

Guardado en:
Autores Corporativos: Seminario de Catálisis del Mercosur La Plata, Argentina), Centro de Investigación y Desarrollo en Ciencias Aplicadas (CINDECA)
Formato: Libro
Idioma:Spanish
Portuguese
Publicado: La Plata, Argentina : CINDECA, 1998.
Materias:
Etiquetas: Agregar Etiqueta
Sin Etiquetas, Sea el primero en etiquetar este registro!
LEADER 00911nam a22002055a 4500
001 EIQ.libpla000786
008 060524s1998####ag#######b####100#0#spa#d
005 20071122162512.0
245 1 0 |a Actas :  |b 1er. Seminario en catálisis del mercosur. La Plata, Argentina 16-18 de noviembre de 1998 /  |c Centro de Investigación y Desarrollo en Ciencias Aplicadas (CINDECA). 
260 |a La Plata, Argentina :  |b CINDECA,  |c 1998. 
300 |a 154 p., [31] h. ;  |c 26 cm. 
500 |a Artículos en español y portugués. 
504 |a Incluye referencias bibliográficas. 
111 2 |a Seminario de Catálisis del Mercosur  |n (1º :  |d 1998 :  |c La Plata, Argentina) 
710 2 |a Centro de Investigación y Desarrollo en Ciencias Aplicadas (CINDECA) 
650 4 |a Catálisis  |x Congresos. 
650 4 |a Catalysis  |x Congresses. 
040 |a AR-BbSID  |b spa  |c AR-BbSID 
041 1 |a spa  |a por 
859 |a AR-BbSID  |b BIB. PLAPIQUI  |h 541.395  |i Se 52  |p 4791